| 000 -LEADER |
| fixed length control field |
01097nam a22001577a 4500 |
| 020 ## - INTERNATIONAL STANDARD BOOK NUMBER |
| ISBN |
9780757324147 |
| 082 ## - DEWEY DECIMAL CLASSIFICATION NUMBER |
| Classification number |
158 |
| Item number |
J684 2022 |
| 100 ## - MAIN ENTRY--AUTHOR NAME |
| Personal name |
Johnson, Pamela Gail, author. |
| 245 ## - TITLE STATEMENT |
| Title |
Practical happiness : four principles to improve your life / Pamela Gail Johnson. |
| 260 ## - PUBLICATION, DISTRIBUTION, ETC. (IMPRINT) |
| Place of publication |
Boca Raton, FL : |
| Name of publisher |
Health Communications, Inc., |
| Year of publication |
©2022. |
| 300 ## - PHYSICAL DESCRIPTION |
| Number of Pages |
1 online resource, |
| Other physical details |
illustrations. |
| 520 ## - SUMMARY, ETC. |
| Summary, etc |
"As the founder for the Society of Happy People, Pamela Gail Johnson provides a refreshing exploration of how we can achieve lasting happiness. The secret is to understand what she describes as "practical happiness," a mind-set that involves coming to a new understanding of what happiness actually is, and learning how to appreciate it and foster it every day. She shares 4 Principles of Happiness, 31 different types of happiness, and the biggest Happiness Zappers and how to manage them. She also shares stories of real people who have put her tips into action to transform their lives"-- Provided by publisher. |
| 650 ## - SUBJECT ADDED ENTRY--TOPICAL TERM |
| Topical Term |
Happiness. |
| 650 ## - SUBJECT ADDED ENTRY--TOPICAL TERM |
| Topical Term |
Conduct of life. |
| 942 ## - ADDED ENTRY ELEMENTS (KOHA) |
| Koha item type |
Electronic Books |